| 000 | 01093nam a2200301 i 4500 | ||
|---|---|---|---|
| 003 | EG-GICUC | ||
| 005 | 20260121101223.0 | ||
| 008 | 251115s1993 ua ||||fr|||| 00| 0 ara d | ||
| 017 | _a٩٣/٤٣٨٧ | ||
| 020 | _a977/255709 | ||
| 040 |
_a EG-GICUC _bara _c EG-GICUC _d EG-GICUC _erda |
||
| 041 | 0 | _aara | |
| 082 | 0 | 4 |
_221 _a345 _bح م . أ |
| 092 | 0 | 4 | _221 |
| 099 | _aLaw1 07 345 ح م . أ 1993 | ||
| 100 | 0 |
_aحماد محمد شطا _eمؤلف. |
|
| 245 | 1 | 2 |
_aالأصول الإسلامية للقانون الإداري : _bالنظرية العامة للقانون الإداري، _nالكتاب الأول / _cدكتور حماد محمد شطا. |
| 264 | 1 |
_aالقاهرة : _bدار الصحوة، _c1993. |
|
| 300 |
_a546 ؛صفحة _c24 سم. |
||
| 336 |
_2rda content _atext |
||
| 337 |
_2rda media _aComputer |
||
| 338 |
_2rda carrier _aOnline Resource |
||
| 546 | _aالنص باللغة العربية | ||
| 650 | 1 | 4 | _aالقانون الإداري |
| 856 | 4 | 0 | _uhttps://fll.law.cu.edu.eg/fulltext/bks/B07-00596.pdf |
| 905 |
_a32 _eYara |
||
| 942 |
_2ddc _cBK _e21 _n0 |
||
| 999 |
_c43341 _d43341 |
||